Ḥadīth ʻĪsā ibn Hishām, aw, Fatrah min al-zaman /
Main Author:
Format: Book
Language: Arabic
Published:
Miṣr :
Dar al-Maʻārif,
1947.
Edition: al-Ṭabʻah 7.
Subjects:
Tags: Add Tag
Call Number: PJ7850 .U9 H3 1947
| LEADER | 01081nam a2200253Ia 4500 | ||
|---|---|---|---|
| 003 | OSt | ||
| 005 | 20231206083851.0 | ||
| 008 | 130303s1947 ua h 000 0 ara d | ||
| 952 | |0 0 |1 0 |2 lcc |4 0 |6 PJ7850 U9 H3 01947 |7 1 |9 57283 |a ARCE |b ARCE |d 2023-12-06 |l 0 |o PJ7850 .U9 H3 1947 |p 1030053 |r 2023-12-06 00:00:00 |w 2023-12-06 |y BK | ||
| 999 | |c 27527 |d 27527 | ||
| 040 | |c ARCE Library | ||
| 050 | 4 | |a PJ7850 .U9 H3 1947 | |
| 100 | 1 | |6 880-01 |a Muwayliḥī, Muḥammad, |e author | |
| 245 | 1 | 0 | |6 880-02 |a Ḥadīth ʻĪsā ibn Hishām, aw, Fatrah min al-zaman / |c Muḥammad al-Muwayliḥī. |
| 246 | 3 | 1 | |a Fatrah min al-zaman. |
| 250 | |a al-Ṭabʻah 7. | ||
| 264 | 1 | |a Miṣr : |b Dar al-Maʻārif, |c 1947. | |
| 300 | |a 12, 318 pages : |b facsimiles ; |c 24 cm. | ||
| 650 | 0 | |a Arabic literature |x History and criticism. | |
| 650 | 0 | |a Arabic prose literature |y 20th century |x History and criticism. | |
| 880 | 1 | |6 100-01/(3/r |a مويلحي، محمد | |
| 880 | 1 | 0 | |6 245-02/(3/r |a حديث عيسي بن هشام، أو، فترة من الزمان |c محمد المويلحي |
| 901 | |a reviewed | ||
| 942 | |c BK |2 lcc | ||
